000 01373 a2200229 4500
001 62924
005 20260407155923.0
008 260407a2005 arg spa d
003 AR-UNSa-BCEJYS
040 _aAR-UNSa-BCEJYS
_bspa
_cAR-UNSa-BCEJYS
080 _a304.4
_xAspectos generales de las políticas y prácticas sociales y culturales (política social)
245 1 0 _aGestión social y municipios
_pDe los escritorios del Banco Mundial a los barrios del Gran Buenos Aires
020 _a978-987-574-041-9
264 1 _aLos Polvorines :
_bUniversidad Nacional de General Sarmiento
_c2005
300 _a231 p.
_c21 cm.
505 _a1. Contexto y perspectiva del análisis - 2. El rol de los organismos multilaterales de crédito. Diseño y gestión de políticas públicas – 3. Un modelo para armar el estado y la política social. Los lineamientos del Banco Mundial – 4. Las coordenadas del análisis: los programas – 5. La gestión social local en el conurbano bonaerense: limitaciones, potencialidades y conflictos emergentes – 6. Escenario local: caracterización del municipio “Los Tilos” – 7. El “promin” en el municipio. ¿Caja de herramientas o locomotora de política sanitaria? -
041 _aspa
942 _cBK
590 _aniveau_biblio:m niveau_hierar:0
100 1 _aChiara, Magdalena
700 1 _aDi Virgilio, María Mercedes
999 _c7871
_d7871